| 000 | 00769nam a2200265Ia 4500 | ||
|---|---|---|---|
| 003 | OSt | ||
| 005 | 20220927113224.0 | ||
| 006 | a|||||r|||| 00| 0 | ||
| 007 | ta | ||
| 008 | 220926b |||||||| |||| 00| 0 eng d | ||
| 024 | _a32873 | ||
| 037 | _cTextbook | ||
| 040 |
_aRTL _cRTL _beng |
||
| 041 |
_2eng _aeng |
||
| 082 | _a"X:72, L0/TD3" | ||
| 100 |
_aShapiro Edward _9385660 |
||
| 245 | 0 |
_aMacroeconomic _b Selected readings |
|
| 260 |
_aNew _bYork Brace and World USA _c1970 |
||
| 300 |
_a"vi, 485p." _ccm. |
||
| 490 | _aHarbrace series in business and economics | ||
| 500 | _aBibliography at the end of few chapters | ||
| 650 |
_aMacro Economics _9353641 |
||
| 942 |
_h"X:72, L0/TD3" _cCC |
||
| 999 |
_c701813 _d701813 |
||